| 000 | 01129nam a2200337 i 4500 | ||
|---|---|---|---|
| 003 | EG-GICUC | ||
| 005 | 20260406160648.0 | ||
| 008 | 260406s1928 fr ||||fr|||| 00| 0 fre d | ||
| 040 |
_aEG-GiCUC _cEG-GiCUC _dEG-GiCUC _erda _bfre |
||
| 041 | _afre | ||
| 082 | 0 | 4 |
_221 _a343.7 _bVI . C |
| 092 | 0 | 4 | _221 |
| 099 | _aLaw1 10 343.7 VI . C 7 ed - 1928 | ||
| 100 | 1 |
_aVidal, Georges, _eAuteur |
|
| 245 | 1 | 0 |
_aCours de droit criminel et de science pénitentiaire / _cPar Georges,Vidal - Joseph, Magnol. |
| 250 |
_aSeptième édition, _brefonde et mise au courant de la législation et de la jurisprudence. |
||
| 264 | 1 |
_aParis : _bRousseau et cie, _c1928. |
|
| 300 |
_a1104 pages ; _c23 cm. |
||
| 336 |
_2rda content _atext |
||
| 337 |
_2rda media _aComputer |
||
| 338 |
_2rda carrier _aOnline Resource |
||
| 504 | _aComprend des références bibliographiques. | ||
| 546 | _aTexte en français | ||
| 650 | 1 | _aDroit pénal | |
| 650 | 1 | _aPénologie | |
| 650 | 1 | _aPrisons | |
| 700 | 1 |
_aMagnol, Joseph _eCo-Auteur |
|
| 856 | 4 | 0 | _uhttps://fll.law.cu.edu.eg/fulltext/bks/B10-09051.pdf |
| 905 | _a43 | ||
| 942 |
_2ddc _n0 _cBK _e21 |
||
| 999 |
_c69332 _d69332 |
||